Professional guide to diseases. (Record no. 521)
[ view plain ]
| 000 -LEADER | |
|---|---|
| fixed length control field | 02045cam a22004094a 4500 |
| 001 - CONTROL NUMBER | |
| control field | 15062901 |
| 003 - CONTROL NUMBER IDENTIFIER | |
| control field | OSt |
| 005 - DATE AND TIME OF LATEST TRANSACTION | |
| control field | 20210222102154.0 |
| 008 - FIXED-LENGTH DATA ELEMENTS--GENERAL INFORMATION | |
| fixed length control field | 071025s2009 paua bf 001 0 eng |
| 010 ## - LIBRARY OF CONGRESS CONTROL NUMBER | |
| LC control number | 2007044323 |
| 020 ## - INTERNATIONAL STANDARD BOOK NUMBER | |
| International Standard Book Number | 9780781778992 (alk. paper) |
| 020 ## - INTERNATIONAL STANDARD BOOK NUMBER | |
| International Standard Book Number | 0781778999 (alk. paper) |
| 035 ## - SYSTEM CONTROL NUMBER | |
| System control number | (OCoLC)ocn175284310 |
| 035 ## - SYSTEM CONTROL NUMBER | |
| System control number | (OCoLC)175284310 |
| 040 ## - CATALOGING SOURCE | |
| Original cataloging agency | DNLM/DLC |
| Transcribing agency | DLC |
| Modifying agency | NLM |
| -- | UKM |
| -- | BTCTA |
| -- | BAKER |
| -- | YDXCP |
| -- | C#P |
| -- | DLC |
| -- | PHNSL |
| 042 ## - AUTHENTICATION CODE | |
| Authentication code | pcc |
| 050 00 - LIBRARY OF CONGRESS CALL NUMBER | |
| Classification number | RT65 |
| Item number | .P69 2009 |
| 060 00 - NATIONAL LIBRARY OF MEDICINE CALL NUMBER | |
| Classification number | WB 39 |
| Item number | P964 2009 |
| 082 00 - DEWEY DECIMAL CLASSIFICATION NUMBER | |
| Classification number | 616 |
| Edition number | 22 |
| 245 00 - TITLE STATEMENT | |
| Title | Professional guide to diseases. |
| 250 ## - EDITION STATEMENT | |
| Edition statement | 9th ed. |
| 260 ## - PUBLICATION, DISTRIBUTION, ETC. | |
| Place of publication, distribution, etc. | Philadelphia : |
| Name of publisher, distributor, etc. | Wolters Kluwer Health/Lippincott Williams & Wilkins, |
| Date of publication, distribution, etc. | 2009. |
| 300 ## - PHYSICAL DESCRIPTION | |
| Extent | xiv, 1441 p. : |
| Other physical details | ill. (some col.) ; |
| Dimensions | 23 cm. |
| 504 ## - BIBLIOGRAPHY, ETC. NOTE | |
| Bibliography, etc. note | Includes bibliographical references and index. |
| 505 0# - FORMATTED CONTENTS NOTE | |
| Formatted contents note | Cardiovascular disorders -- Respiratory disorders -- Neurologic disorders -- Gastrointestinal disorders -- Hepatobiliary disorders -- Musculoskeletal disorders -- Renal and urologic disorders -- Immune disorders -- Hematologic disorders -- Metabolic and nutritional disorders -- Endocrine disorders -- Eye disorders -- Ear, nose, and throat disorders -- Skin disorders -- Malignant neoplasms -- Infection -- Trauma -- Genetic disorders -- Obstetric and gynecologic disorders -- Sexual disorders -- Psychiatric disorders. |
| 650 #0 - SUBJECT ADDED ENTRY--TOPICAL TERM | |
| Topical term or geographic name entry element | Clinical medicine |
| Form subdivision | Handbooks, manuals, etc. |
| 650 #0 - SUBJECT ADDED ENTRY--TOPICAL TERM | |
| Topical term or geographic name entry element | Diseases |
| Form subdivision | Handbooks, manuals, etc. |
| 650 #0 - SUBJECT ADDED ENTRY--TOPICAL TERM | |
| Topical term or geographic name entry element | Nursing |
| Form subdivision | Handbooks, manuals, etc. |
| 650 12 - SUBJECT ADDED ENTRY--TOPICAL TERM | |
| Topical term or geographic name entry element | Clinical Medicine |
| Form subdivision | Handbooks. |
| 650 22 - SUBJECT ADDED ENTRY--TOPICAL TERM | |
| Topical term or geographic name entry element | Disease |
| Form subdivision | Handbooks. |
| 710 2# - ADDED ENTRY--CORPORATE NAME | |
| Corporate name or jurisdiction name as entry element | Lippincott Williams & Wilkins. |
| 856 42 - ELECTRONIC LOCATION AND ACCESS | |
| Materials specified | Publisher description |
| Uniform Resource Identifier | <a href="http://www.loc.gov/catdir/enhancements/fy0803/2007044323-d.html">http://www.loc.gov/catdir/enhancements/fy0803/2007044323-d.html</a> |
| 856 41 - ELECTRONIC LOCATION AND ACCESS | |
| Materials specified | Table of contents only |
| Uniform Resource Identifier | <a href="http://www.loc.gov/catdir/enhancements/fy0829/2007044323-t.html">http://www.loc.gov/catdir/enhancements/fy0829/2007044323-t.html</a> |
| 906 ## - LOCAL DATA ELEMENT F, LDF (RLIN) | |
| a | 7 |
| b | cbc |
| c | orignew |
| d | 1 |
| e | ecip |
| f | 20 |
| g | y-gencatlg |
| 942 ## - ADDED ENTRY ELEMENTS (KOHA) | |
| Source of classification or shelving scheme | Library of Congress Classification |
| Koha item type | Books |
| Withdrawn status | Lost status | Source of classification or shelving scheme | Damaged status | Not for loan | Home library | Current library | Shelving location | Date acquired | Full call number | Barcode | Date last seen | Copy number | Price effective from | Koha item type | Public note | Total Checkouts |
|---|---|---|---|---|---|---|---|---|---|---|---|---|---|---|---|---|
| Library of Congress Classification | Public Health Nurses School | Public Health Nurses School | General Stacks | 02/22/2021 | RT65.P94 | 01065 | 02/22/2021 | c.1 | 02/22/2021 | Books | soa 22/02/21 | |||||
| Library of Congress Classification | Public Health Nurses School | Public Health Nurses School | General Stacks | 02/22/2021 | RT65.P94 | 01066 | 02/22/2021 | c.2 | 02/22/2021 | Books | soa 22/02/21 | |||||
| Library of Congress Classification | Public Health Nurses School | Public Health Nurses School | General Stacks | 02/22/2021 | RT65.P94 | 01067 | 02/22/2021 | c.3 | 02/22/2021 | Books | soa 22/02/21 | |||||
| Library of Congress Classification | Public Health Nurses School | Public Health Nurses School | General Stacks | 02/22/2021 | RT65.P94 | 01068 | 02/22/2021 | c.4 | 02/22/2021 | Books | soa 22/02/21 | |||||
| Library of Congress Classification | Public Health Nurses School | Public Health Nurses School | General Stacks | 02/22/2021 | RT65.P94 | 01069 | 02/22/2021 | c.5 | 02/22/2021 | Books | soa 22/02/21 | |||||
| Library of Congress Classification | Public Health Nurses School | Public Health Nurses School | General Stacks | 02/22/2021 | RT65.P94 | 01070 | 02/22/2021 | c.6 | 02/22/2021 | Books | soa 22/02/21 | |||||
| Library of Congress Classification | Public Health Nurses School | Public Health Nurses School | General Stacks | 02/22/2021 | RT65.P94 | 01071 | 02/22/2021 | c.7 | 02/22/2021 | Books | soa 22/02/21 | |||||
| Library of Congress Classification | Public Health Nurses School | Public Health Nurses School | General Stacks | 02/22/2021 | RT65.P94 | 01072 | 02/22/2021 | c.8 | 02/22/2021 | Books | soa 22/02/21 | |||||
| Library of Congress Classification | Public Health Nurses School | Public Health Nurses School | General Stacks | 02/22/2021 | RT65.P94 | 01073 | 02/22/2021 | c.9 | 02/22/2021 | Books | soa 22/02/21 | |||||
| Library of Congress Classification | Public Health Nurses School | Public Health Nurses School | General Stacks | 02/22/2021 | RT65.P94 | 01074 | 02/22/2021 | c.10 | 02/22/2021 | Books | soa 22/02/21 |
